000 00899nam a2200253 u 4500
003 MX-MxUPN
005 20230527063605.0
008 191014s1972 r 000 0 spa d
035 _aUPN01000233314
040 _aMX-MxUPN
_bspa
_cMX-MxUPN
050 _aBF724
_bL5.3
100 1 _aLidz, Theodore,
_d1910-2001
_944311
240 _aAdolescence: Psychosocial perspectives.
_lEspañol
245 0 3 _aEl adolescente y su familia /
_cTH Lidz, R.L. Shapiro, ... [et. al].
260 _aBuenos Aires :
_bPaidos,
_c1972
300 _a93 p.
500 _aTraducción de: Adolescence: Psychosocial perspectives.
650 4 _aPsicología del adolescente
_xCOMPORTAMIENTO
_91013
650 7 _91017
_aADOLESCENTES -
_xRELACIONES FAMILIARES
_2Catálogo de autoridades de materia de la BGTQ
700 1 _aShapiro, Roger L.
_eautor
_944242
905 _aLibro
942 _2lcc
_cLIBRO
999 _c205409
_d205409